03644cam a22011414i 4500003000900000005001700009008004100026020001500067035002700082040003300109082002100142100003000163245010500193250003200298264009200330300003800422336002100460337002500481338002300506504002800529505119000557526000901747526000901756526000901765526000901774526000901783526000901792526000901801526000901810526000901819526000901828526000901837526000901846526000901855526000901864526000901873526000901882526000901891526000901900526000901909526000901918526000901927526000901936526000901945526000901954526000901963526000901972526000901981526000901990526000901999526000902008526000902017526000902026526000902035526000902044526000902053526000902062526000902071526000802080526000802088526000802096526000802104526000802112526000802120526000802128526000802136526000802144526000802152526000802160526000802168526000802176526000802184526000802192526000802200526000802208526000802216526000802224526000802232526000802240526000802248526000802256526000802264526000802272526000802280526000802288526000802296526000802304526000802312526000802320526000802328526000802336526000802344526000802352650003402360650006802394700002202462700001802484PE-LiUPU20250813185440.0150623s r 000 0 eng d a0864863306 a(Sirsi) i9780864863300 aPE-LiUPUbspacPE-LiUPUerda04a306.766bA142211 aDe Gruchy, Steve,eautor.10aAliens in the household of God :bhomosexuality and chriatian faith in South Africa /cPaul Germond. bPaul GermondSteve De Gruchy 1aWerdmuller Centre, Claremont :bDavid Philip Pubisher, Cape Town & Johannesburg,c1997. a328 páginas ;c23 centímetros atext2rdacontent aunmediated2rdamedia avolume2rdacarrier aIncluye Bibliografía.0 aSome people: No longer a son. God has more mercy than any moffie - hater. My story: reflections at 45. The story of my beginning. A mother's story. Quite delighted and even proud. "Gay dominee" explains why. Some ordinations: The rise and fall of a lesbian ordinand. Confessions of a gay ordinand: a personal history. Part of God´s greater plan. My experience as a gay priest. Weaving a common struggle: lesbians, gays and women priests. Some Communities: Homosexual christian communities in gauteng. Coming home: visions of healing in a gauteng church. Homosexuals and the right to marry. Gal identity and the AIDS crisis. Liberation through the law?. The constitution and the church. Who are we for each other? sexism, sexuality and womanist theology. Changing perspectives: lesbian and gay existence in the church. Homosexuality in the traditions of the church. My ministry in the gay community. The challenge of the churches to gays and lesbians. Some Analysis: Heterosexism, homosexuality and the Bible. Human geing in Christ: resources for an inclusive anthropology. The essentialist - social constructinist debate and biblical research. Homosexuality and African culture. aP202 aP201 aP163 aP162 aP161 aP160 aP148 aP147 aP146 aP145 aP144 aP143 aP142 aP141 aP140 aP139 aP138 aP137 aP136 aP135 aP134 aP133 aP129 aP128 aP127 aP120 aP119 aP118 aP116 aP115 aP114 aP110 aP109 aP108 aP104 aP103 aP102 aP99 aP98 aP97 aP96 aP95 aP93 aP90 aP89 aP88 aP83 aP82 aP62 aP59 aP58 aP57 aP51 aP49 aP48 aP47 aP29 aP24 aP20 aP19 aP17 aP15 aP14 aP12 aP10 aP09 aP08 aP07 aP06 aP05 aP04 aP0114aHomosexualidadxCristianismo.24aRelaciones interpersonalesxAspectos religiosos (Cristianismo).1 aDe Gruchy, Steve.1 aGermond, Paul